| 000 | 00515nam a2200169 i 4500 | ||
|---|---|---|---|
| 001 | 30950 | ||
| 003 | ES-MaACL | ||
| 007 | t| | ||
| 008 | 030127s1941 ag ||||1| spa d | ||
| 100 | 1 |
_aBarzizza, Carlos M. _926223 |
|
| 245 | 1 | 0 |
_aMicrobiología / _cpor Carlos M. Barzizza y Alberto Manso Soto. |
| 250 | _a2ª ed. | ||
| 260 |
_aBuenos Aires : _bLibraire Hachette et Cie, _c[1941] ( _fImp. Argentina) |
||
| 300 |
_a2 v. : _bil. ; _c27 cm. |
||
| 700 | 1 |
_aManso Soto, Alberto. _976139 |
|
| 852 |
_aES-MaACL _jE-330-31 |
||
| 999 |
_c30950 _d30950 |
||